Регионална библиотека "Любен Каравелов" - Русе

Библиография на Стефан Гечев (Запис номер 503638)

MARC детайли
000 -Лидер
Лидер 01133aaa a2200241 a 4500
003 - Код на организацията, давaща контролен номер
Код на организацията, даваща контролен номер BLK
005 - Дата и час на последна редакция
Дата и час на последна редакция 20240216100249.0
007 - Фиксирано поле за физическо описани
Физическо описание ta
008 - Елементи от данни с фиксирана дължина
Елементи с фиксирана дължина 221104b bu |||||r|||| 00| | bu d
040 ## - Източник на каталожния запис
Код на библиотеката BLK
041 ## - Код за език
Език Български
Език за КДБФ Български
080 ## - УДК
УДК текст Българска литература
УДК код 821.163.2
УДК – код + определител (01)
УДК – определител 821.163.2(01)
100 ## - Редна дума - Автор
R(LIN) 367642
Автор Гечева, Кръстина Минчева
245 ## - Сведения за заглавието
Заглавие Библиография на Стефан Гечев
Авторска отговорност Кръстина Гечева
300 ## - Физическа характеристика
Брой страници X, № 34, 1 - 7 ноем. 2000, с. 16
653 ## - Ключова дума – ненормативна
9 (RLIN) 197392
Ключови думи Стефан Гечев
773 0# - Описание на основна библиографска единица при аналитични записи (многотомни)
Заглавие на източника ЛИТЕРАТУРЕН ВЕСТНИК
Място на издаване, издател и година Фондация Литературен вестник 1990
Контролен номер на записа 292192
Международен стандартен номер на серията ISSN 1310-9561
Информация за връзката . //
856 ## - Електронен адрес и достъп
Инструкция (цена за достъп) 0.00
Права за достъп Достъп само през служебен интерфейс
Име на файла (електронен носител) Библиография на Стефан Гечев
Електронен формат jpg - файл
Път до файла (ресурса) http://185.138.176.146:18082/cgi-bin/koha/opac-retrieve-file.pl?id=1150807675d34da81caad92832b3965f
Допълнителна информация (Корица, съдържание, пълен текст, звуков файл, HTML файл) Изображение
Забележка за публика Библиография на Стефан Гечев
942 ## - АРТИКУЛИ
Източник на класификационната схема Universal Decimal Classification
Вид на библиотечния документ Статия
Скрит в OPAC Не
944 ## - СЪЗДАВАНЕ И РЕДАКЦИЯ на ЗАПИСА
Дата на регистрацията/редакция Вася Ганчева
Служител, извършил регистрацията/редакцията 30542
Номер на служител Русанова Ирена
999 ## - СИСТЕМНИ КОНТРОЛНИ НОМЕРА
Koha biblionumber 503638
Koha biblioitemnumber 503638
999 ## - СИСТЕМНИ КОНТРОЛНИ НОМЕРА
Koha biblioitemnumber 503638
999 ## - СИСТЕМНИ КОНТРОЛНИ НОМЕРА
Koha biblioitemnumber 503638

Няма налични копия.

Vip Innovations Ltd, Rousse, Bulgaria 2025